Human resources management / (Record no. 361)

000 -LEADER
fixed length control field 00777nam a22002297a 4500
003 - CONTROL NUMBER IDENTIFIER
control field OSt
005 - DATE AND TIME OF LATEST TRANSACTION
control field 20140116120825.0
008 - FIXED-LENGTH DATA ELEMENTS--GENERAL INFORMATION
fixed length control field 111018t xxu||||| |||| 00| 0 eng d
020 ## - INTERNATIONAL STANDARD BOOK NUMBER
International Standard Book Number 9780273634010
040 ## - CATALOGING SOURCE
Transcribing agency DLC
050 ## - LIBRARY OF CONGRESS CALL NUMBER
Classification number HF5549.G73 1998
100 ## - MAIN ENTRY--PERSONAL NAME
Personal name Graham, H. T.
245 ## - TITLE STATEMENT
Title Human resources management /
Statement of responsibility, etc H. T. Graham and Roger Bennett
250 ## - EDITION STATEMENT
Edition statement 9th ed.
260 ## - PUBLICATION, DISTRIBUTION, ETC. (IMPRINT)
Place of publication, distribution, etc Harlow, England :
Name of publisher, distributor, etc Prentice Hall FInancial Times
Date of publication, distribution, etc 1998 .
300 ## - PHYSICAL DESCRIPTION
Extent ix, 435 p. :
Other physical details ill.
500 ## - GENERAL NOTE
General note Includes index
505 ## - FORMATTED CONTENTS NOTE
Formatted contents note Background to human resources management-- Influences on employee behaviour-- Practical aspects of human resources management-- International comparisons
650 ## - SUBJECT ADDED ENTRY--TOPICAL TERM
Topical term or geographic name as entry element Human resource management
700 ## - ADDED ENTRY--PERSONAL NAME
Personal name Bennett, Roger
942 ## - ADDED ENTRY ELEMENTS (KOHA)
Source of classification or shelving scheme
Koha item type Book
Holdings
Withdrawn status Lost status Source of classification or shelving scheme Damaged status Not for loan Home library Current library Date acquired Source of acquisition Total Checkouts Total Renewals Full call number Barcode Date last seen Date checked out Copy number Price effective from Koha item type
          Riara University Library Riara University Library 18/10/2011 Purchase 20 6 HF5549.G73 1998 2156/11 20/09/2016 06/09/2016 C.1 18/10/2011 Book
          Riara University Library Riara University Library 18/10/2011 Purchase 30 4 HF5549.G73 1998 2155/11 06/02/2025 11/10/2024 C.2 18/10/2011 Book
          Riara University Library Riara University Library 18/10/2011 Purchase 28 1 HF5549.G73 1998 2157/11 24/08/2023 25/07/2023 C.3 18/10/2011 Book

Riara University Library,
P.O. Box 49940-00100,
Nairobi, Kenya.